Estadísticas para Municipios de Guipúzcoa

Haz click aquí para intentar la prueba.

Estadísticas generales

  • Esta prueba ha sido intentada 87 veces
  • La puntuación promedio es 32 de 88

Estadísticas de respuestas

Municipio% Correcto
San Sebastián
100%
Zarauz
87%
Irún
85%
Fuenterrabía
81%
Éibar
79%
Aya
77%
Zumaya
77%
Tolosa
76%
Deva
71%
Mondragón
71%
Orio
69%
Rentería
69%
Elgóibar
68%
Azcoitia
65%
Azpeitia
65%
Guetaria
65%
Lasarte-Oria
65%
Hernani
63%
Oyarzun
63%
Beasáin
60%
Vergara
60%
Zumárraga
56%
Pasajes
55%
Villafranca de Ordizia
55%
Motrico
52%
Andoáin
50%
Legazpia
50%
Oñate
47%
Astigarraga
44%
Lezo
44%
Placencia de las Armas
44%
Usúrbil
40%
Villarreal de Urrechua
40%
Cestona
39%
Villabona
39%
Cizúrquil
37%
Idiazábal
37%
Urnieta
37%
Arechavaleta
34%
Cegama
34%
Lazcano
34%
Ormáiztegui
32%
Anoeta
31%
Ataun
31%
Asteasu
29%
Berástegui
29%
Segura
27%
Alzo
26%
Escoriaza
26%
Legorreta
26%
Mendaro
26%
Anzuola
24%
Zaldivia
24%
Ezquioga-Ichaso
23%
Régil
23%
Abalcisqueta
21%
Aduna
21%
Elgueta
21%
Ibarra
19%
Lizarza
19%
Aizarnazábal
18%
Alegría de Oria
18%
Irura
18%
Salinas de Léniz
18%
Cerain
16%
Elduayen
16%
Gaviria
16%
Icazteguieta
16%
Isasondo
16%
Olaberría
16%
Amézqueta
15%
Arama
15%
Berrobi
13%
Hernialde
13%
Larraul
13%
Oreja
13%
Orendáin
13%
Alquiza
11%
Alzaga
11%
Baliarrain
11%
Beizama
11%
Bidegoyan
11%
Gaztelu
11%
Leaburu
11%
Motiloa
11%
Albíztur
10%
Gainza
10%
Belaunza
8%

Distribución de puntuación

Porcentaje por número respondido

Porcentaje de gente con cada puntuación

Historial de tus puntuaciones

No has intentado esta prueba.